<?xml version="1.0" encoding="UTF-8"?><?xml-stylesheet type="text/xsl" href="static/style.xsl"?><OAI-PMH xmlns="http://www.openarchives.org/OAI/2.0/" xmlns:xsi="http://www.w3.org/2001/XMLSchema-instance" xsi:schemaLocation="http://www.openarchives.org/OAI/2.0/ http://www.openarchives.org/OAI/2.0/OAI-PMH.xsd"><responseDate>2026-04-29T19:06:31Z</responseDate><request verb="GetRecord" identifier="oai:repisalud.isciii.es:20.500.12105/5979" metadataPrefix="marc">https://repisalud.isciii.es/rest/oai/request</request><GetRecord><record><header><identifier>oai:repisalud.isciii.es:20.500.12105/5979</identifier><datestamp>2025-04-02T08:34:27Z</datestamp><setSpec>com_20.500.12105_2203</setSpec><setSpec>com_20.500.12105_2202</setSpec><setSpec>col_20.500.12105_19585</setSpec></header><metadata><record xmlns="http://www.loc.gov/MARC21/slim" xmlns:dcterms="http://purl.org/dc/terms/" xmlns:doc="http://www.lyncode.com/xoai" xmlns:xsi="http://www.w3.org/2001/XMLSchema-instance" xsi:schemaLocation="http://www.loc.gov/MARC21/slim http://www.loc.gov/standards/marcxml/schema/MARC21slim.xsd">
   <leader>00925njm 22002777a 4500</leader>
   <datafield ind2=" " ind1=" " tag="042">
      <subfield code="a">dc</subfield>
   </datafield>
   <datafield ind2=" " ind1=" " tag="720">
      <subfield code="a">Instituto de Salud Carlos III. Gabinete de prensa</subfield>
      <subfield code="e">author</subfield>
   </datafield>
   <datafield ind2=" " ind1=" " tag="260">
      <subfield code="c">2013-09-30</subfield>
   </datafield>
   <datafield ind2=" " ind1=" " tag="520">
      <subfield code="a">Nota de prensa sobre la apertura del Año Académico de la Escuela Nacional de Medicina del Trabajo por el Director del Instituto de Salud Carlos III (ISCIII) Antonio L. Andreu. El director del Instituto de Salud Carlos III, estuvo acompañado en la mesa inaugural por autoridades del Ministerio de Sanidad Servicios Sociales e Igualdad, del Instituto Nacional de la Seguridad Social, de la Consejería de Sanidad de la Comunidad de Madrid, del Instituto Nacional de Seguridad e Higiene en el Trabajo y de la Escuela. En el mismo acto se procedió a la firma de dos convenios suscritos por la escuela con el Instituto Nacional de la Seguridad Social y con el Instituto Nacional de Seguridad e Higiene en el Trabajo para el fomento de la formación y la mejora de la prevención de riesgos laborales desde la disciplina de la Medicina del Trabajo.</subfield>
   </datafield>
   <datafield ind1="8" ind2=" " tag="024">
      <subfield code="a">http://hdl.handle.net/20.500.12105/5979</subfield>
   </datafield>
   <datafield tag="653" ind2=" " ind1=" ">
      <subfield code="a">Año académico Medicina del Trabajo</subfield>
   </datafield>
   <datafield ind2="0" ind1="0" tag="245">
      <subfield code="a">Antonio L. Andreu abre el Año Académico de la Escuela Nacional de Medicina del Trabajo</subfield>
   </datafield>
</record></metadata></record></GetRecord></OAI-PMH>